देवेद्र सत्यार्थी : (Record no. 118590)
[ view plain ]
| 000 -LEADER | |
|---|---|
| fixed length control field | 01234nam a22002537a 4500 |
| 005 - DATE AND TIME OF LATEST TRANSACTION | |
| control field | 20170124103116.0 |
| 010 ## - LIBRARY OF CONGRESS CONTROL NUMBER | |
| LC control number | B-082799 |
| 020 ## - INTERNATIONAL STANDARD BOOK NUMBER | |
| Terms of availability | 200.00 |
| International Standard Book Number | 8188266221 |
| 035 ## - SYSTEM CONTROL NUMBER | |
| System control number | B-082799 |
| 037 ## - SOURCE OF ACQUISITION | |
| Source of stock number/acquisition | Cen Lib/Ret |
| 040 ## - CATALOGING SOURCE | |
| Original cataloging agency | DPL |
| Language of cataloging | HN |
| 082 ## - DEWEY DECIMAL CLASSIFICATION NUMBER | |
| Classification number | 820.8 |
| Item number | प्रकाश |
| 100 ## - MAIN ENTRY--PERSONAL NAME | |
| Personal name | प्रकाश मनु |
| 9 (RLIN) | 81014 |
| 245 ## - TITLE STATEMENT | |
| Title | देवेद्र सत्यार्थी : |
| Statement of responsibility, etc | प्रकाश मनु |
| Remainder of title | एक भव्य लोक्यात्री / |
| 246 ## - VARYING FORM OF TITLE | |
| Title proper/short title | Devendra Satyarthi : ek bhavya lokyatri / |
| Remainder of title | by Prakash Manu |
| 260 ## - PUBLICATION, DISTRIBUTION, ETC. (IMPRINT) | |
| Place of publication, distribution, etc | नयी दिल्ली |
| Name of publisher, distributor, etc | प्रतिभा प्रतिष्ठान |
| Date of publication, distribution, etc | 2004 |
| 270 ## - ADDRESS | |
| City | नयी दिल्ली |
| Address | 1661 दाख्नीराए, स्ट्रीट, नेताजी सुभाष मार्ग |
| Postal code | 110002 |
| 300 ## - PHYSICAL DESCRIPTION | |
| Extent | 187पृ. |
| Dimensions | 20सेमी(सजिल्द ) |
| 650 ## - SUBJECT ADDED ENTRY--TOPICAL TERM | |
| Topical term or geographic name as entry element | साहित्य--कविता |
| General subdivision | |
| Geographic subdivision | |
| 9 (RLIN) | 81015 |
| 650 ## - SUBJECT ADDED ENTRY--TOPICAL TERM | |
| Topical term or geographic name as entry element | हिन्दी--कविता--देवेद्र सत्यार्थी |
| 9 (RLIN) | 79173 |
| 650 ## - SUBJECT ADDED ENTRY--TOPICAL TERM | |
| Topical term or geographic name as entry element | Literature--Poetry |
| 9 (RLIN) | 81016 |
| 650 ## - SUBJECT ADDED ENTRY--TOPICAL TERM | |
| Topical term or geographic name as entry element | Hindi - Poetry--Devedra Satyarthy |
| 9 (RLIN) | 81017 |
| 942 ## - ADDED ENTRY ELEMENTS (KOHA) | |
| Source of classification or shelving scheme | Dewey Decimal Classification |
| Koha item type | Hindi Books |
| Classification part | 820.8 |
| Call number suffix | प्रकाश |
| Withdrawn status | Lost status | Damaged status | Not for loan | Home library | Current library | Date acquired | Source of acquisition | Cost, normal purchase price | Total Checkouts | Total Renewals | Full call number | Barcode | Date last seen | Date checked out | Copy number | Cost, replacement price | Price effective from | Koha item type |
|---|---|---|---|---|---|---|---|---|---|---|---|---|---|---|---|---|---|---|
| Central Library | Central Library | 12/09/2015 | Cen Lib/Ref | 200.00 | 3 | 2 | 820.8 प्रकाश | B-082799 | 08/01/2024 | 11/12/2023 | 1 | 200.00 | 12/09/2015 | Hindi Books |
